Countries that visit Mexico the most - Statistics

General Stats
  • This quiz has been taken 47 times
  • The average score is 17 of 20
Answer Stats
Tourists Country % Correct
33,519 United States
100%
556 United Kingdom
97%
351 Brazil
95%
2,167 Canada
95%
241 France
92%
454 Argentina
90%
103 China
87%
494 Colombia
87%
260 Germany
87%
288 Spain
87%
231 Peru
85%
184 Chile
79%
125 Cuba
79%
150 Guatemala
79%
119 Japan
79%
86 Ecuador
77%
135 Italy
77%
158 Costa Rica
64%
71 Netherlands
62%
86 South Korea
59%
No matching quizzes found
Score Distribution
Percent of People with Each Score
Percentile by Number Answered
Your Score History
You have not taken this quiz